000 00331nam a22001457a 4500
003 OSt
005 20160727222351.0
008 160622b xxu||||| |||| 00| 0 eng d
040 _cTEST
100 _9406
_aDixon, F, W
245 _aThe Senister Signpost
260 _aLON
_bArmada
300 _aThe Senister Signpost
942 _2ddc
_cBK
999 _c332
_d332